<?xml version="1.0" encoding="UTF-8"?>
<record
    xmlns:xsi="http://www.w3.org/2001/XMLSchema-instance"
    xsi:schemaLocation="http://www.loc.gov/MARC21/slim http://www.loc.gov/standards/marcxml/schema/MARC21slim.xsd"
    xmlns="http://www.loc.gov/MARC21/slim">

  <leader>00715naa a2200205 a 4500</leader>
  <controlfield tag="001">79320</controlfield>
  <controlfield tag="003">BD-RjUL</controlfield>
  <controlfield tag="005">20220203130507.0</controlfield>
  <controlfield tag="008">220203s2004    bg fa||| |||| 00| 0 urd d</controlfield>
  <datafield tag="035" ind1=" " ind2=" ">
    <subfield code="a">(BD-RjUL)79320</subfield>
  </datafield>
  <datafield tag="040" ind1=" " ind2=" ">
    <subfield code="a">BD-RjUL</subfield>
    <subfield code="b">eng</subfield>
    <subfield code="c">BD-RjUL</subfield>
  </datafield>
  <datafield tag="041" ind1=" " ind2=" ">
    <subfield code="a">ben/urd</subfield>
  </datafield>
  <datafield tag="082" ind1=" " ind2=" ">
    <subfield code="2">23</subfield>
    <subfield code="a">891.4391</subfield>
    <subfield code="b">REM 2004</subfield>
  </datafield>
  <datafield tag="100" ind1="1" ind2=" ">
    <subfield code="a">&#x631;&#x64A;&#x646;&#x648;,  &#x645;&#x645;&#x62A;&#x627;&#x62C; ;; &#x9B0;&#x9C7;&#x9A3;&#x9C1;, &#x9AE;&#x9AE;&#x9A4;&#x9BE;&#x99C;&#x9CD;&#x9AC;</subfield>
    <subfield code="9">1131</subfield>
  </datafield>
  <datafield tag="245" ind1=" " ind2=" ">
    <subfield code="a"> &#x645;&#x6CC;&#x631;&#x6CC; &#x635;&#x648;&#x631;&#x62A; &#x62A;&#x6CC;&#x631;&#x627; &#x627;&#x626;&#x646;&#x647;  = &#x9AE;&#x9C7;&#x9B0;&#x9BF; &#x9B8;&#x9C1;&#x9B0;&#x9BE;&#x9A4; &#x9A4;&#x9C7;&#x9B0;&#x9BE; &#x986;&#x987;&#x9A8;&#x9BE;  /</subfield>
    <subfield code="c">&#x645;&#x645;&#x62A;&#x627;&#x632; &#x631;&#x64A;&#x646;&#x648; = &#x9AE;&#x9CB;&#x9AE;&#x9A4;&#x9BE;&#x99C;&#x9CD;&#x9AC; &#x9B0;&#x9C7;&#x9A3;&#x9C1;</subfield>
  </datafield>
  <datafield tag="260" ind1=" " ind2=" ">
    <subfield code="a">Dhaka :</subfield>
    <subfield code="b">Ahsaniah books ,</subfield>
    <subfield code="c">2004</subfield>
  </datafield>
  <datafield tag="300" ind1=" " ind2=" ">
    <subfield code="a">463+269 p.:</subfield>
    <subfield code="b">ill. ;</subfield>
    <subfield code="c">24 cm</subfield>
  </datafield>
  <datafield tag="650" ind1=" " ind2=" ">
    <subfield code="a">Urdu poetry </subfield>
    <subfield code="9">1132</subfield>
  </datafield>
  <datafield tag="942" ind1=" " ind2=" ">
    <subfield code="2">ddc</subfield>
    <subfield code="c">BK</subfield>
  </datafield>
  <datafield tag="999" ind1=" " ind2=" ">
    <subfield code="c">79320</subfield>
    <subfield code="d">79320</subfield>
  </datafield>
  <datafield tag="952" ind1=" " ind2=" ">
    <subfield code="0">0</subfield>
    <subfield code="1">0</subfield>
    <subfield code="2">ddc</subfield>
    <subfield code="4">0</subfield>
    <subfield code="7">1</subfield>
    <subfield code="8">NFIC</subfield>
    <subfield code="a">RUCL</subfield>
    <subfield code="b">RUCL</subfield>
    <subfield code="c">Reading</subfield>
    <subfield code="d">2013-09-16</subfield>
    <subfield code="e">Author</subfield>
    <subfield code="g">2000.00</subfield>
    <subfield code="l">0</subfield>
    <subfield code="o">U 891.4391 REM 2004</subfield>
    <subfield code="r">2022-02-03 00:00:00</subfield>
    <subfield code="t">C-1</subfield>
    <subfield code="w">2022-02-03</subfield>
    <subfield code="y">BK</subfield>
  </datafield>
</record>
